=LDR 00000nam 2200000 4500 =001 INLIS000000000043945 =005 20131008104012 =008 ***********************************ind** =035 ##$$0010-101300000001867 =041 ##$$a ind =082 ##$$a 612.3 =090 ##$$a 612.3, Kho p =100 ##$$a Khosman, Ali =245 ##$$a Pangan dan gizi untuk kesehatan, Ali Khosman =260 ##$$a 2004 $b Jakarta =300 ##$$a viii, 210 hlm, 24 cm =650 ##$$a Gizi =850 ##$$a NBPNMAT =990 ##$$a 0001/BPAP-NTB/20142015 =990 ##$$a 0001/BPAP-NTB/2015 =990 ##$$a 0001/BPAP-NTB/2016 =990 ##$$a 0001/BPAP-NTB/20142015 =990 ##$$a 0001/BPAP-NTB/2015 =990 ##$$a 0001/BPAP-NTB/2016